Statistiken für Europa durch Grenzen in 30 Sekunden

Klicken Sie hier um das Quiz zu spielen!

Allgemein

  • Dieses Quiz wurde 2.100 mal gespielt
  • Das Durchschnittsergebnis liegt bei 36 aus 45

Antworten auf der Karte

Die Antworten werden auf der Karte rot bzw. grün angezeigt, abhängig davon wie oft sie richtig erraten wurden.
 

Antwortstatistiken

Country% Korrekt
Frankreich
99%
Deutschland
98%
Schweiz
98%
Österreich
97%
Polen
96%
Belgien
94%
Luxemburg
94%
Finnland
93%
Italien
93%
Norwegen
93%
Russland
93%
Tschechien
93%
Ukraine
92%
Spanien
91%
Weißrussland
91%
Niederlande
89%
Andorra
88%
Slowenien
88%
Dänemark
86%
Litauen
86%
Serbien
85%
Ungarn
85%
Lettland
84%
Portugal
84%
Estland
83%
Rumänien
82%
Schweden
82%
Mazedonien
80%
Bulgarien
78%
Montenegro
78%
Kroatien
76%
San Marino
76%
Vatikanstadt
75%
Irland
74%
Vereinigtes
Königreich
74%
Bosnien und
Herzegowina
70%
Albanien
69%
Griechenland
67%
Kosovo
67%
Slowakei
66%
Island
64%
Moldawien
57%
Monaco
45%
Liechtenstein
40%
Malta
27%

Verteilung der Resultate

Perzentil nach korrekt beantworteten Fragen

Anzahl Personen mit jedem Resultat

Ihre Resultats-Entwicklung

Sie haben dieses Quiz noch nicht gespielt